000 00712nam a2200265 4500
999 _c8251
_d8251
001 8251
003 BD-JhCC
005 20190620134008.0
008 711216t19711972nyua b 001 0 eng
020 _a0070081298
035 _a(BD-JhCC)8251
040 _aDLC
_cDLC
_dDLC
_dBD-JhCC
041 _aeng
050 0 0 _aTK7815
_b.B74 1971
082 0 0 _a621.381
_bBRO 1971
100 1 _aBrophy, James John,
_d1926-
245 1 0 _aBasic electronics for scientists
_c[by] James J. Brophy.
250 _a5th ed.
260 _aNew York,
_bMcGraw-Hill
_c[1971, c1972]
300 _axiv, 511 p.
_billus.
_c23 cm.
504 _aIncludes bibliographies.
650 0 _aElectronics.
942 _2ddc
_cBK
_02